000 00933naa a22002897a 4500
001 BR7908809
003 BR-BrBNA
005 20240918174532.0
007 ta
008 230509b bl.||||| |||| 00| 0 por d
040 _aBR-BrBNA
_bpor
_cBiblioteca Nacional de Agricultura
041 _a(Pt)
072 _aF30
_b0120
090 _aF30 BR7908809
100 1 _aPagliarini, M.S.
100 1 _aAguiar-Perecin, M.L.R. de
245 1 _aControle genetico da frequencia de quiasmas em milho (Zea mays L.)
260 3 _aPiracicaba, SP (Brasil):
_c1979.
500 _aRelatorio cientifico 1979 Piracicaba, SP (Brasil): 1979. p. 190-201 (BR7908809-AM)F30
650 _aMILHO
650 _aLINHAGEM
650 _aQUIASMA
650 _aGENETICA VEGETAL
773 0 _tRelatorio cientifico 1979 : no. 13 /
_w0120 BR7908790
_gPiracicaba, SP (Brasil), 1979.
_q309 p.
909 _a202404
_bLucia
_c55
_dLucia Elande
942 _cAM
_2AGRIS
999 _c311833
_d311833